00488nam a2200193 a 4500001001300000003000900013005001700022008004100039020000800080082001600088100001900104245002500123260005100148300000900199500003500208505001300243650001900256700001900275nice12345678IN_TiNIC20260116011302.0050524s0000 laha grp 000 0 urd  ac200a297.24bMOH aMohammad Ali,  aAn-Nabuwwa Fil Islam aLahorebAhmadiyya Anjuman Ishaat-E-Islamc0000 a344p aincludes index and biblioraphy2 aAppendix aIslam-Prophecy1 aMohammad Ali,